| 000 | 00417nam a2200181Ia 4500 | ||
|---|---|---|---|
| 001 | 9795 | ||
| 005 | 20260306161744.0 | ||
| 008 | 260306t2010||||xx |||||||||||||| ||spa|| | ||
| 041 | _aESP | ||
| 082 |
_a461 _bR31 2010 |
||
| 100 |
_aReal Academia Española _eAUT |
||
| 245 | 0 |
_aOrtografía: _bde la lengua española |
|
| 260 | _c2010 | ||
| 300 |
_a _c |
||
| 650 | _aGEN | ||
| 654 | _aCHU | ||
| 942 |
_cLIB _dJUS _fJUS _2ddc _n |
||
| 999 |
_c9795 _d9795 |
||